Statistics for Animals: Largest Predators in Each U.S. State

Click here to take the quiz!

General Stats

  • This quiz has been taken 20,387 times
  • The average score is 5 of 8

Answer Stats

Largest Land Predator% Correct
Brown bear
91%
Mountain lion
81%
Black bear
76%
American alligator
63%
Polar bear
61%
Coyote
48%
American crocodile
43%
Domestic cat
17%

Score Distribution

Percentile by Number Answered

Percent of People with Each Score

Your Score History

You have not taken this quiz